000 00724cam a22002653a 4500
001 29814
003 PGUSA
005 20140828083638.0
008 090826s2009||||xxu|||||s|||||000 1 eng d
040 _aPGUSA
_beng
042 _adc
050 4 _aPT
100 1 _aCouperus, Louis,
_d1863-1923
245 1 0 _aDe komedianten
_h[electronic resource] /
_cLouis Couperus
260 _bProject Gutenberg,
_c2009
506 _aPublic domain in the USA.
516 _aElectronic text
653 _aComedians -- Fiction
653 _aRome -- Fiction
653 _aHistorical fiction
653 _aTheater -- Fiction
830 0 _aProject Gutenberg
_v29814
856 4 0 _uhttp://www.gutenberg.org/ebooks/29814
942 _cEB
999 _c259069
_d259069